Rubber seed oils (Record no. 47563)

MARC details
000 -LEADER
fixed length control field 00303nam a2200133Ia 4500
100 ## - MAIN ENTRY--AUTHOR NAME
Personal name Achaya K T
245 #0 - TITLE STATEMENT
Title Rubber seed oils
520 ## - SUMMARY, ETC.
Summary, etc (citn only)
650 ## - SUBJECT ADDED ENTRY--TOPICAL TERM
Topical Term Rubber seed
650 ## - SUBJECT ADDED ENTRY--TOPICAL TERM
Topical Term Rubber seed oils
700 ## - ADDED ENTRY--PERSONAL NAME
Personal name Seavel A J
942 ## - ADDED ENTRY ELEMENTS (KOHA)
Koha item type Bibliography RLSE
Holdings
Withdrawn status Lost status Damaged status Not for loan Home library Current library Date acquired Koha item type
      Bibliography RRII Library RRII Library 31/12/2021 Bibliography RLSE